Relativistic reality : a modern view
Αποθηκεύτηκε σε:
| Κύριος συγγραφέας: | |
|---|---|
| Μορφή: | Βιβλίο |
| Γλώσσα: | English |
| Δημοσίευση: |
Singapore : River Edge, NJ :
World Scientific,
c1997
|
| Σειρά: | K & E series on knots and everything ;
; 12 |
| Θέματα: | |
| Ετικέτες: |
Προσθήκη ετικέτας
Δεν υπάρχουν, Καταχωρήστε ετικέτα πρώτοι!
|
MARC
| LEADER | 00000cam a2200000 i 4500 | ||
|---|---|---|---|
| 001 | 1/7922 | ||
| 008 | 000625s1997 eng d | ||
| 020 | |a 981-02-2851-1 | ||
| 035 | |l 10062475 | ||
| 040 | |a GR-MY-UA |b gre |e aacr | ||
| 041 | 0 | |a eng | |
| 082 | 0 | |a 530.11 | |
| 100 | 1 | |a Edmonds, James D., |d 1939- | |
| 245 | 1 | 0 | |a Relativistic reality : |b a modern view / |c James D. Edmonds, Jr |
| 260 | |a Singapore : |a River Edge, NJ : |b World Scientific, |c c1997 | ||
| 300 | |a x, 342 p.; |b ill.; |c 23 cm. | ||
| 490 | 1 | |a K & E series on knots and everything |v ; 12 | |
| 504 | |a Includes bibliographical references and index | ||
| 650 | 0 | 0 | |a Space and time. |
| 650 | 0 | 0 | |a Numbers, Complex. |
| 650 | 0 | 0 | |a Quaternions. |
| 830 | 0 | |a K & E series on knots and everything ; |v ; 12 | |
| 852 | |a INST |b CHIOS |e 20000625 |h 530.11 EDM |p 005200018087 |q 005200018087 |t BK |y 0 | ||
| 901 | |a BIBL2-2000-2 | ||
| 909 | |a Χ |b 075756 | ||
| 970 | |z 2000/06/ΜΠΡΑΤΤΗΣ | ||